| 000 | 00859cab a2200265 4500 | ||
|---|---|---|---|
| 001 | WB3111-18 | ||
| 008 | 090401t1995 xxu||||| |||| 00| 0 eng d | ||
| 035 | _a(Sirsi) u29167 | ||
| 041 | _aeng | ||
| 245 | _aBank lending for property | ||
| 260 | _c1995 | ||
| 350 | _a0 | ||
| 490 |
_aFinancial Times _v17 March 1995, 11(1) |
||
| 520 | _aConsiders the supply of liquidity to the UK property market, highlighting quoted property companies, overseas investors, domestic investment institutions and banks. Graphs. | ||
| 650 | _aBANK LENDING | ||
| 650 | _aINSTITUTIONAL INVESTMENT | ||
| 650 | _aINVESTMENT MARKET | ||
| 650 | _aOVERSEAS INVESTMENT | ||
| 650 | _aPROPERTY FINANCE MARKET | ||
| 650 | _aPROPERTY MARKET | ||
| 650 | _aSPECULATIVE DEVELOPMENT | ||
| 690 | _aPROPERTY-PROPERTY FINANCE AND INVESTMENT | ||
| 942 | _n0 | ||
| 948 | _c04/03/1997 | ||
| 999 |
_c19636 _d19636 |
||